<?xml version="1.0" encoding="UTF-8"?>
<record
    xmlns:xsi="http://www.w3.org/2001/XMLSchema-instance"
    xsi:schemaLocation="http://www.loc.gov/MARC21/slim http://www.loc.gov/standards/marcxml/schema/MARC21slim.xsd"
    xmlns="http://www.loc.gov/MARC21/slim">

  <leader>02576nam a2200337 u 4500</leader>
  <controlfield tag="001">000063092</controlfield>
  <controlfield tag="005">20200120224311.0</controlfield>
  <controlfield tag="008">140820s2006    ck a   br|    000 0 spa d</controlfield>
  <datafield tag="020" ind1=" " ind2=" ">
    <subfield code="a">9589784518.</subfield>
  </datafield>
  <datafield tag="041" ind1="0" ind2=" ">
    <subfield code="a">spa</subfield>
  </datafield>
  <datafield tag="043" ind1=" " ind2=" ">
    <subfield code="a">-ck----</subfield>
  </datafield>
  <datafield tag="090" ind1=" " ind2=" ">
    <subfield code="a">A</subfield>
    <subfield code="b">VEGGgo</subfield>
  </datafield>
  <datafield tag="100" ind1="1" ind2=" ">
    <subfield code="a">Vega G&#xF3;mez, Mar&#xED;a Teresa de la</subfield>
  </datafield>
  <datafield tag="245" ind1="1" ind2="0">
    <subfield code="a">Goyo mira las estrellas /</subfield>
    <subfield code="c">Mar&#xED;a Teresa de la Vega G&#xF3;mez ; ilustraciones de Luc&#xED;a Lozano Mart&#xED;nez ; Dise&#xF1;o de : Sara de Estevez.</subfield>
  </datafield>
  <datafield tag="250" ind1=" " ind2=" ">
    <subfield code="a">1a. ed.</subfield>
  </datafield>
  <datafield tag="260" ind1=" " ind2=" ">
    <subfield code="a">Bogot&#xE1; :</subfield>
    <subfield code="b">En tela,</subfield>
    <subfield code="c">2006.</subfield>
  </datafield>
  <datafield tag="300" ind1=" " ind2=" ">
    <subfield code="a">[s.p.] :</subfield>
    <subfield code="b">il., col.</subfield>
  </datafield>
  <datafield tag="490" ind1="0" ind2=" ">
    <subfield code="a">Colecci&#xF3;n Astros</subfield>
  </datafield>
  <datafield tag="500" ind1=" " ind2=" ">
    <subfield code="a">Libros en Tela para ni&#xF1;os</subfield>
  </datafield>
  <datafield tag="500" ind1=" " ind2=" ">
    <subfield code="a">Libros de formas para ni&#xF1;os</subfield>
  </datafield>
  <datafield tag="520" ind1="3" ind2=" ">
    <subfield code="a">"Imaginaci&#xF3;n: Motiva la capacidad y la capacidad de abstracci&#xF3;n compartiendo im&#xE1;genes inspiradoras y adecuadas para su edad. Alegr&#xED;a: Siente ese v&#xED;nculo inseparable entre t&#xFA; y tu peque&#xF1;o, que puedes recrear en cualquier espacio y lugar que se quedar&#xE1; en su mente para siempre. Aprendizaje: Transm&#xED;tele conocimiento, habilidades, valores y buenas actitudes jugando. Ens&#xE9;&#xF1;ale el mundo de una manera l&#xFA;dica y divertida. Juego : Desarrolla movimientos en actividades recreativas para el cuerpo y la mente asociando sonidos, textura, colores y formas. Diversi&#xF3;n: Ll&#xE9;valo a conocer el mundo a trav&#xE9;s de la risa. Transm&#xED;tele toda tu alegr&#xED;a compartiendo y jugando. Afecto : Crea un v&#xED;nculo especial con tus hijos. Expr&#xE9;sale ternura y cari&#xF1;o. Cu&#xE9;ntale cuentos dise&#xF1;ados para generar afecto por la lectura desde la cuna. Seguridad : Dale a tu hijo un producto de calidad, seguro, pensado y elaborado para la f&#xE1;cil manipulaci&#xF3;n de sus peque&#xF1;as manos. Dise&#xF1;o: Tu hijo merece productos con altos est&#xE1;ndares de dise&#xF1;o. Nuestros est&#xE1;n destinados a proyectar, coordinar y seleccionar elementos que sean de inter&#xE9;s par los beb&#xE9;s y ni&#xF1;os a los que est&#xE1;n dirigidos. Estimulaci&#xF3;n : Amigos inseparables que te permiten ayudar a tu hijo a desarrollarse f&#xED;sica y emocionalmente despertando sus sentidos compartiendo juntos momentos inigualables."</subfield>
  </datafield>
  <datafield tag="650" ind1="1" ind2="4">
    <subfield code="a">&#xC1;lb&#xFA;m infantil colombiano</subfield>
    <subfield code="v">Libros en tela</subfield>
  </datafield>
  <datafield tag="650" ind1="2" ind2="4">
    <subfield code="a">Literatura infantil</subfield>
    <subfield code="v">Libros en tela.</subfield>
  </datafield>
  <datafield tag="650" ind1="2" ind2="4">
    <subfield code="a">Estrellas en la literatura.</subfield>
    <subfield code="v">Libros en tela</subfield>
  </datafield>
  <datafield tag="650" ind1="2" ind2="4">
    <subfield code="a">Imaginaci&#xF3;n en la literatura</subfield>
    <subfield code="v">Libros en tela.</subfield>
  </datafield>
  <datafield tag="650" ind1="2" ind2="4">
    <subfield code="a">Aprendizaje en la literatura</subfield>
    <subfield code="v">Libros en tela.</subfield>
  </datafield>
  <datafield tag="650" ind1="2" ind2="4">
    <subfield code="a">Diversi&#xF3;n en la literatura</subfield>
    <subfield code="v">Libros en tela</subfield>
  </datafield>
  <datafield tag="650" ind1="2" ind2="4">
    <subfield code="a">Libros y lecturas para ni&#xF1;os</subfield>
    <subfield code="v">Libros en tela.</subfield>
  </datafield>
  <datafield tag="700" ind1="1" ind2=" ">
    <subfield code="a">Lozano Mart&#xED;nez, Luc&#xED;a</subfield>
    <subfield code="e">ilustradora.</subfield>
  </datafield>
  <datafield tag="700" ind1="1" ind2=" ">
    <subfield code="a">Estevez, Sara.</subfield>
    <subfield code="e">dise&#xF1;adora.</subfield>
  </datafield>
  <datafield tag="999" ind1=" " ind2=" ">
    <subfield code="c">8878</subfield>
    <subfield code="d">8878</subfield>
  </datafield>
  <datafield tag="952" ind1=" " ind2=" ">
    <subfield code="0">0</subfield>
    <subfield code="1">0</subfield>
    <subfield code="2">ddc</subfield>
    <subfield code="4">0</subfield>
    <subfield code="7">0</subfield>
    <subfield code="8">LI</subfield>
    <subfield code="a">BPMOS</subfield>
    <subfield code="b">BPMOS</subfield>
    <subfield code="d">2020-01-20</subfield>
    <subfield code="i">114854</subfield>
    <subfield code="l">15</subfield>
    <subfield code="m">1</subfield>
    <subfield code="o">A VEGGgo</subfield>
    <subfield code="p">MOS016178</subfield>
    <subfield code="r">2025-07-28</subfield>
    <subfield code="s">2025-07-09</subfield>
    <subfield code="t">ej.1</subfield>
    <subfield code="w">2020-01-20</subfield>
    <subfield code="y">BKLIT</subfield>
    <subfield code="z">Quince d&#xED;as</subfield>
  </datafield>
</record>
